Detalles MARC
| 000 -LEADER |
| campo de control de longitud fija |
01756nam a2200325 i 4500 |
| 001 - NÚMERO DE CONTROL |
| campo de control |
161956 |
| 003 - IDENTIFICADOR DE NÚMERO DE CONTROL |
| campo de control |
ES-MaACL |
| 005 - FECHA Y HORA DE LA ÚLTIMA TRANSACCIÓN |
| campo de control |
20250816091142.0 |
| 008 - DATOS DE LONGITUD FIJA--INFORMACIÓN GENERAL |
| campo de control de longitud fija |
990708m17711772fr af |||| | fre d |
| 040 ## - FUENTE DE CATALOGACIÓN |
| Centro catalogador/agencia de origen |
CLM |
| Lengua de catalogación |
spa |
| Centro/agencia transcriptor |
CLM |
| 100 1# - ENTRADA PRINCIPAL--NOMBRE DE PERSONA |
| Nombre de persona |
Perret, Jean-Jacques. |
| 9 (RLIN) |
131039 |
| 245 12 - MENCIÓN DEL TÍTULO |
| Título |
L'art du coutelier. |
| Número de parte o sección de la obra |
Première [-seconde] partie / |
| Mención de responsabilidad, etc. |
par M. Jean-Jacques Perret. |
| 260 ## - PUBLICACIÓN, DISTRIBUCIÓN, ETC. |
| Lugar de publicación, distribución, etc. |
[Paris] : |
| Nombre del editor, distribuidor, etc. |
Saillant et Nyon, |
| Fecha de publicación, distribución, etc. |
1771-1772 ( |
| Fabricante |
Imp. de L.F. Delatour) |
| 300 ## - DESCRIPCIÓN FÍSICA |
| Extensión |
2 v. (IV, 239 ; XII, 241-527 p., 172 h. de lám.) ; |
| Dimensiones |
Fol. (44 cm) |
| 490 1# - MENCIÓN DE SERIE |
| Mención de serie |
Descriptions des arts et métiers faites ou approuvées par Messieurs de l'Académie Royale des Sciences |
| 505 8# - NOTA DE CONTENIDO CON FORMATO |
| Nota de contenido con formato |
Seconde partie ; |
| Título |
L'art du coutelier expert en instruments de chirurgie, p. 240-527, lám. 73-122 |
| 530 ## - NOTA DISPONIBLE DE FORMULARIO FÍSICO ADICIONAL |
| Nota de formato físico adicional disponible |
Disponible en formato digital. |
| 596 ## - NOTA AL PIE DE IMPRENTA |
| NOTA AL PIE DE IMPRENTA |
Datos de imp. tomados de colofón. |
| 597 ## - NOTA DE DESCRIPCIÓN FÍSICA |
| NOTA DE DESCRIPCIÓN FÍSICA |
Sign.: [ ]2, A-Z2, 2A-2Z2, 3A-3O2 ; a-c2, 3P-3Z2, 4A-4Z2, 5A-5Z2, 6A-6R2, 6S1. |
| 597 ## - NOTA DE DESCRIPCIÓN FÍSICA |
| NOTA DE DESCRIPCIÓN FÍSICA |
A partir de la secuencia 4A, se representa como Ab\4\s. |
| 597 ## - NOTA DE DESCRIPCIÓN FÍSICA |
| NOTA DE DESCRIPCIÓN FÍSICA |
Antep. |
| 599 ## - NOTA A LAS ILUSTRACIONES |
| NOTA A LAS ILUSTRACIONES |
Las h. de grab. son calc.: "J.J. Perret inv. ..." |
| 650 #7 - PUNTO DE ACCESO ADICIONAL DE MATERIA--TÉRMINO DE MATERIA |
| Término de materia o nombre geográfico como elemento de entrada |
Cirugía- |
| Subdivisión general |
Material y equipo |
| Fuente del encabezamiento o término |
|
| 9 (RLIN) |
153979 |
| 830 00 - PUNTO DE ACCESO ADICIONAL DE SERIE-TÍTULO UNIFORME |
| Título uniforme |
Descriptions des arts et métiers |
| 9 (RLIN) |
241750 |
| 852 ## - LOCALIZACIÓN |
| Ubicación |
ES-MaACL |
| Número de control de estantería |
R-50-51 |
| Nota libre |
- Enc hol. dic.: La 2ª parte está dividida en dos secciones, cada una con su portadilla |
| Encuadernación |
Olim: C-10827-70 |
| 856 ## - LOCALIZACIÓN Y ACCESO ELECTRÓNICOS |
| Identificador Uniforme de Recursos |
<a href="http://gallica.bnf.fr/ark:/12148/bpt6k10656043?rk=21459;2 ">http://gallica.bnf.fr/ark:/12148/bpt6k10656043?rk=21459;2 </a> |
| Nota pública |
BNF-Gallica (1ª parte) |
| 856 ## - LOCALIZACIÓN Y ACCESO ELECTRÓNICOS |
| Identificador Uniforme de Recursos |
<a href="http://gallica.bnf.fr/ark:/12148/bpt6k1065606x?rk=21459;2 ">http://gallica.bnf.fr/ark:/12148/bpt6k1065606x?rk=21459;2 </a> |
| Nota pública |
BNF-Gallica (2ª parte, 1ª sec.) |
| 856 ## - LOCALIZACIÓN Y ACCESO ELECTRÓNICOS |
| Identificador Uniforme de Recursos |
<a href="http://gallica.bnf.fr/ark:/12148/bpt6k10656028?rk=42918;4 ">http://gallica.bnf.fr/ark:/12148/bpt6k10656028?rk=42918;4 </a> |
| Nota pública |
BNF-Gallica (2ª parte, 2ª sec.) |